Logo BPK

Biblioteka

Politechniki Koszalińskiej

Vat 2003 : (Rekord nr 42993)

Szczegóły MARC
000 -ETYKIETA REKORDU
podpole kontrolne o stałej długości 00665nam a2200205 i 4500
001 - NUMER KONTROLNY REKORDU
pole kontrolne bg
020 ## - MIĘDZYNARODOWY ZNORMALIZOWANY NUMER KSIĄŻKI - ISBN
ISBN 8387924792
040 ## - ŹRÓDŁO KATALOGOWANIA
Instytucja, która utworzyła rekord BPK
041 0# - KOD JĘZYKA
Kod języka tekstu pol
080 ## - UNIWERSALNA KLASYFIKACJA DZIESIĘTNA - UKD
UKD 336.221.24:336.226.322](438)
920 ## - Międzynarodowy znormalizowany numer książki – ISBN
ISBN 83-87924-79-2
008 - POLE O STAŁEJ DŁUGOŚCI - DANE KONTROLNE
podpole kontrolne o stałej długości s pl f |000 0 pol
100 1# - NAZWA OSOBOWA
Nazwa osobowa SUSKA, Anna
245 10 - TYTUŁ/ODPOWIEDZIALNOŚĆ
Tytuł Vat 2003 :
Ciąg dalszy tytułu komentarz do zmian, ustawa, najnowsze rozporządzenia /
Pozostałe elementy strefy tytułu i oznaczenia odpowiedzialności Anna Suska.
260 ## - STREFA ADRESU WYDAWNICZEGO
Miejsce wydania Warszawa :
Nazwa wydawcy/dystrybutora Wydaw. AD. Drągowski,
Data publikacji, dystrybucji/powstania dokumentu 2003.
300 ## - STREFA OPISU FIZYCZNEGO
Objętość 176 s. ;
Rozmiary 23 cm.
650 #9 - HASŁO PRZEDMIOTOWE W FORMIE NAZWY OGÓLNEJ LUB JEDNOSTKOWEJ
Nazwa ogólna lub geograficzna Podatek od towarów i usług
Określnik ogólny prawo
Określnik geograficzny Polska
Określnik chronologiczny stan na 2003 r.
856 ## - LOKALIZACJA I DOSTĘP DO ELEKTRONICZNYCH DOKUMENTÓW ZDALNYCH
Link (URL) http://koha.tu.koszalin.pl/cgi-bin/koha/opac-detail.pl?biblionumber=42993
Tekst linku Katalog online BPK
942 ## - DODATKOWE ELEMENTY (KOHA)
Typ dokumentu Książka
Egzemplarze
Wycofany Status egzemplarza Uszkodzony Dostępność Lokalizacja stała Lokalizacja bieżąca Miejsce przechowywania Sygnatura Kod kreskowy Typ dokumentu
      Dostępny Biblioteka Politechniki Koszalińskiej Biblioteka Politechniki Koszalińskiej Wypożyczalnia BG 67990 02019246 Książka
© 2023 Biblioteka Politechniki Koszalińskiej :: KOHA